Tissue engineering and regenerative medicine (Record no. 486954)

MARC details
000 -LEADER
fixed length control field 00533nam a2200193Ia 4500
008 - FIXED-LENGTH DATA ELEMENTS--GENERAL INFORMATION
fixed length control field 210417s9999 xx 000 0 und d
020 ## - INTERNATIONAL STANDARD BOOK NUMBER
International Standard Book Number 9781632413857
-- 163241385X
082 ## - DEWEY DECIMAL CLASSIFICATION NUMBER
Classification number 612.028 FIS
Item number 22.612.028 FIS
245 #0 - TITLE STATEMENT
Title Tissue engineering and regenerative medicine
Statement of responsibility, etc. Tissue engineering and regenerative medicine
250 ## - EDITION STATEMENT
Remainder of edition statement "vi,240p. :ill. , hbk."
260 ## - PUBLICATION, DISTRIBUTION, ETC.
Place of publication, distribution, etc. New York
Name of publisher, distributor, etc. Hayle Medical
Date of publication, distribution, etc. 2016
700 ## - ADDED ENTRY--PERSONAL NAME
Personal name "Fisher, Shay"
Numeration Edited by Shay Fisher
Holdings
Withdrawn status Lost status Source of classification or shelving scheme Damaged status Not for loan Home library Current library Shelving location Date acquired Total Checkouts Full call number Barcode Date last seen Price effective from Koha item type
    Dewey Decimal Classification     Anna Centenary Library Anna Centenary Library 5TH FLOOR, B WING 17.04.2021   612.028 FIS 607124 17.04.2021 17.04.2021 Books

Find us on the map